Premios /
Guardado en:
| Autor Corporativo: | |
|---|---|
| Formato: | Libro |
| Idioma: | Spanish |
| Publicado: |
Buenos Aires :
Instituto Nacional del Teatro,
2001.
|
| Series: | El país teatral. Serie Premio
|
| Materias: | |
| Etiquetas: |
Agregar Etiqueta
Sin Etiquetas, Sea el primero en etiquetar este registro!
|
| LEADER | 00797nam a22002415a 4500 | ||
|---|---|---|---|
| 001 | EUN.um069713 | ||
| 008 | 041125s2001####ag############000#0#spa#d | ||
| 005 | 20110617144500.0 | ||
| 245 | 1 | 0 | |a Premios / |c Concurso Nacional de Dramaturgia Infantil. 3. |
| 260 | |a Buenos Aires : |b Instituto Nacional del Teatro, |c 2001. | ||
| 300 | |a 2 v. | ||
| 490 | 0 | |a El país teatral. Serie Premio | |
| 020 | |a 9879433149 | ||
| 110 | 2 | |a Concurso Nacional de Dramaturgia Infantil. 3 |c Buenos Aires, 2000. | |
| 082 | 0 | 4 | |a A862.4 |
| 653 | |a Arrech, Monica | ||
| 653 | |a Martin, Cecilia | ||
| 653 | |a Rizzi, Leonardo | ||
| 653 | |a Bilbao, Graciela N. | ||
| 653 | |a Virtuoso, Gabriel E. | ||
| 653 | |a Literatura argentina | ||
| 653 | |a Teatro argentino | ||
| 859 | |a Ar-BaUNS |b BIB. CENTRAL - Sector B |h A862.4 |i C749 |p 113638/003 |v 3 v.1 | ||
